[Event "Alta Padovana op-B 5th"]
[Site "Loreggia"]
[Date "2005.02.27"]
[Round "5"]
[White "Bressan, Marco"]
[Black "Molena, Paolo"]
[Result "0-1"]
[WhiteElo "1587"]
[BlackElo "1541"]
[PlyCount "104"]
[EventDate "2005.02.25"]
[EventType "swiss"]
[EventRounds "5"]
[EventCountry "ITA"]
[SourceTitle "EXT 2024"]
[Source "ChessBase"]
[SourceDate "2023.10.10"]
[SourceVersion "1"]
[SourceVersionDate "2023.10.10"]
[SourceQuality "1"]

1. d4 b5 2. e4 Bb7 3. f3 a6 4. Bf4 e6 5. Nd2 Nf6 6. a3 Be7 7. Be2 c5 8. dxc5 Bxc5 9. Nb3 Bb6 10. Bg5 h6 11. Bh4 g5 12. Bf2 Bxf2+ 13. Kxf2 Qb6+ 14. Qd4 Qxd4+ 15. Nxd4 Nc6 16. c3 Rc8 17. Bd3 d5 18. Nxc6 Rxc6 19. Ne2 dxe4 20. Bxe4 Nxe4+ 21. fxe4 e5 22. Ke3 0-0 23. g4 Bc8 24. h3 Rd8 25. Ng3 Rcd6 26. Rab1 Rd3+ 27. Kf2 Rd2+ 28. Ne2 Bb7 29. Rhf1 Bxe4 30. Rbe1 Rxb2 31. Ke3 Bh7 32. Rf6 Rd3+ 33. Kf2 Rxh3 34. Rxa6 Kg7 35. Rb6 Rxc3 36. a4 Rcb3 37. a5 Ra3 38. a6 Rba2 39. Rxb5 Rxa6 40. Rxe5 R6a4 41. Kf3 R2a3+ 42. Kf2 Rxg4 43. Rd1 Ra2 44. Kf3 Rc4 45. Rd7 Kf6 46. Rb5 Be4+ 47. Kf2 Kg7 48. Re5 Bg6 49. Ree7 Re4 50. Kf3 Rxe7 51. Rxe7 Ra3+ 52. Kg4 Kf6 0-1

[Event "Alta Padovana op-B 5th"]
[Site "Loreggia"]
[Date "2005.02.26"]
[Round "2"]
[White "Quaranta, Gaetano"]
[Black "Bressan, Marco"]
[Result "1-0"]
[WhiteElo "1751"]
[BlackElo "1587"]
[PlyCount "51"]
[EventDate "2005.02.25"]
[EventType "swiss"]
[EventRounds "5"]
[EventCountry "ITA"]
[SourceTitle "EXT 2024"]
[Source "ChessBase"]
[SourceDate "2023.10.10"]
[SourceVersion "1"]
[SourceVersionDate "2023.10.10"]
[SourceQuality "1"]

1. e4 d6 2. c4 c5 3. Nf3 Nc6 4. Nc3 g6 5. d4 cxd4 6. Nxd4 Bg7 7. Be3 Nf6 8. Qd2 Qa5 9. Nb3 Qd8 10. Bh6 0-0 11. Bxg7 Kxg7 12. Be2 b6 13. h4 h5 14. 0-0-0 Bb7 15. f3 Ne5 16. Nd4 Rc8 17. b3 Qd7 18. Qg5 Kh7 19. Ndb5 Qe6 20. Nxa7 Ra8 21. Nab5 Rfc8 22. Nd4 Qd7 23. g4 hxg4 24. h5 gxh5 25. Nf5 Ng6 26. Qh6+ 1-0

[Event "Treviso WE op 28th"]
[Site "Treviso"]
[Date "2004.12.05"]
[Round "2.20"]
[White "Bressan, Marco"]
[Black "Borsato, Lorenzo"]
[Result "0-1"]
[WhiteElo "1440"]
[BlackElo "1572"]
[PlyCount "54"]
[EventDate "2004.12.04"]
[EventType "swiss"]
[EventCountry "ITA"]
[SourceTitle "EXT 2024"]
[Source "ChessBase"]
[SourceDate "2023.10.10"]
[SourceVersion "1"]
[SourceVersionDate "2023.10.10"]
[SourceQuality "1"]

1. d4 d5 2. c4 e6 3. cxd5 exd5 4. Nc3 Nf6 5. Bg5 Be7 6. Nf3 0-0 7. e3 Bg4 8. Be2 Nbd7 9. 0-0 h6 10. Bh4 c6 11. h3 Bh5 12. Ne5 Bxe2 13. Qxe2 Ne4 14. Bxe7 Nxc3 15. bxc3 Qxe7 16. f4 Nf6 17. Ng4 Ne4 18. Qe1 Qa3 19. Qb1 Nd2 20. Qf5 Nxf1 21. Nf6+ gxf6 22. Qg4+ Kh8 23. Qh5 Rfe8 24. Qxh6+ Kg8 25. Rxf1 Rxe3 26. Qxf6 Rg3 27. Re1 Qxa2 0-1

[Event "Treviso WE op 28th"]
[Site "Treviso"]
[Date "2004.12.05"]
[Round "3.28"]
[White "Padovan, Antonio"]
[Black "Bressan, Marco"]
[Result "1-0"]
[WhiteElo "1667"]
[BlackElo "1440"]
[PlyCount "105"]
[EventDate "2004.12.04"]
[EventType "swiss"]
[EventCountry "ITA"]
[SourceTitle "EXT 2024"]
[Source "ChessBase"]
[SourceDate "2023.10.10"]
[SourceVersion "1"]
[SourceVersionDate "2023.10.10"]
[SourceQuality "1"]

1. e4 d6 2. d4 Nf6 3. Nc3 c6 4. f4 Bg4 5. Nf3 Nbd7 6. Be3 e5 7. Be2 Bxf3 8. Bxf3 Be7 9. 0-0 0-0 10. Qe1 exd4 11. Bxd4 Ne8 12. Rd1 Qa5 13. Kh1 c5 14. Be3 b5 15. Nd5 Qd8 16. e5 Rb8 17. Bd2 Nb6 18. Ba5 Nc7 19. exd6 Bxd6 20. Nc3 Re8 21. Ne4 Nc8 22. Qf2 Qe7 23. Rfe1 Qf8 24. Qg3 Re6 25. Nxd6 Nxd6 26. Bxc7 Nf5 27. Qf2 Rc8 28. Rxe6 fxe6 29. Be5 a5 30. Bg4 a4 31. Bxf5 Qxf5 32. Qd2 Qg6 33. Qd7 Re8 34. Rd3 Qf7 35. Qxf7+ Kxf7 36. Kg1 Re7 37. Kf2 b4 38. Ke2 Rb7 39. Kd2 g5 40. g3 g4 41. Bd6 Rb6 42. Kc1 Kg6 43. a3 Kf5 44. axb4 cxb4 45. Rd4 h6 46. Rxb4 Rxb4 47. Bxb4 Ke4 48. c4 Kd4 49. c5 Kd5 50. Kd2 h5 51. Kd3 Kc6 52. Kd4 Kd7 53. Ke5 1-0